[Event "DEM U14 2021"]
[Site "Willingen GER"]
[Date "2021.08.24"]
[Round "3"]
[White "Sundui, Chinguun"]
[Black "Rempe, Jonas"]
[Result "0-1"]
[Termination "normal"]
[Board "18"]
[WhiteElo "1853"]
[BlackElo "2026"]
[WhiteClock "00:02:55"]
[BlackClock "00:03:44"]
[PlyCount "133"]
[WhiteFideId "4907930"]
[BlackFideId "16202406"]
[EventCountry "GER"]
[EventRounds "9"]
[EventType "swiss"]
[EventDate "2021.08.22"]

1. d4 {[%clk 1:30:58]} Nf6 {[%clk 1:30:53]} 2. Nf3 {[%clk 1:31:22]} g6 {[%clk
1:31:18]} 3. Nc3 {[%clk 1:31:48]} d5 {[%clk 1:31:08]} 4. Bf4 {[%clk 1:32:11]}
Bg7 {[%clk 1:31:34]} 5. Nb5 {[%clk 1:32:37]} Na6 {[%clk 1:31:55]} 6. e3 {[%clk
1:33:03]} c6 {[%clk 1:31:57]} 7. Nc3 {[%clk 1:33:28]} Nc7 {[%clk 1:32:16]} 8.
h3 {[%clk 1:33:46]} O-O {[%clk 1:32:39]} 9. Be2 {[%clk 1:33:50]} Nce8 {[%clk
1:33:02]} 10. O-O {[%clk 1:33:46]} Nd6 {[%clk 1:33:27]} 11. a4 {[%clk 1:32:20]}
b6 {[%clk 1:31:11]} 12. Ne5 {[%clk 1:27:07]} Bb7 {[%clk 1:27:10]} 13. Nb1
{[%clk 1:23:11]} e6 {[%clk 1:11:52]} 14. Nd2 {[%clk 1:19:44]} c5 {[%clk
1:02:57]} 15. c3 {[%clk 1:17:42]} c4 {[%clk 0:56:02]} 16. Bf3 {[%clk 1:14:49]}
Nfe8 {[%clk 0:51:28]} 17. Be2 {[%clk 1:08:15]} f6 {[%clk 0:44:38]} 18. Nef3
{[%clk 1:08:26]} Qe7 {[%clk 0:41:57]} 19. Bxd6 {[%clk 0:52:59]} Nxd6 {[%clk
0:41:51]} 20. Nh2 {[%clk 0:53:13]} e5 {[%clk 0:40:51]} 21. dxe5 {[%clk
0:49:40]} fxe5 {[%clk 0:39:56]} 22. e4 {[%clk 0:49:23]} Rad8 {[%clk 0:35:58]}
23. Qc2 {[%clk 0:42:54]} Bh6 {[%clk 0:34:48]} 24. exd5 {[%clk 0:37:52]} Bxd5
{[%clk 0:35:09]} 25. Ng4 {[%clk 0:36:59]} Bf4 {[%clk 0:30:32]} 26. Bf3 {[%clk
0:27:09]} e4 {[%clk 0:26:11]} 27. Rae1 {[%clk 0:25:06]} Rde8 {[%clk 0:26:24]}
28. g3 {[%clk 0:17:22]} h5 {[%clk 0:17:26]} 29. Ne3 {[%clk 0:12:17]} Bxe3
{[%clk 0:10:37]} 30. Rxe3 {[%clk 0:12:33]} Qb7 {[%clk 0:10:45]} 31. Rfe1 {[%clk
0:06:55]} Nf5 {[%clk 0:03:07]} 32. R3e2 {[%clk 0:07:07]} e3 {[%clk 0:02:56]}
33. Bxd5+ {[%clk 0:07:30]} Qxd5 {[%clk 0:03:19]} 34. fxe3 {[%clk 0:07:28]} Rd8
{[%clk 0:02:27]} 35. Nf1 {[%clk 0:03:22]} Qf3 {[%clk 0:02:01]} 36. Rf2 {[%clk
0:03:11]} Qd5 {[%clk 0:01:34]} 37. Rd2 {[%clk 0:01:56]} Qe5 {[%clk 0:01:44]}
38. Rxd8 {[%clk 0:01:25]} Rxd8 {[%clk 0:02:09]} 39. Rd1 {[%clk 0:01:44]} Rf8
{[%clk 0:01:36]} 40. Qe2 {[%clk 0:01:27]} Kh7 {[%clk 0:00:34]} 41. Kg2 {[%clk
0:17:41]} Qe4+ {[%clk 0:24:24]} 42. Kh2 {[%clk 0:17:48]} h4 {[%clk 0:24:34]}
43. g4 {[%clk 0:11:14]} Qe5+ {[%clk 0:22:49]} 44. Kg1 {[%clk 0:09:14]} Ng3
{[%clk 0:21:22]} 45. Qg2 {[%clk 0:06:46]} Ne4 {[%clk 0:18:12]} 46. Qh2 {[%clk
0:05:48]} Qe7 {[%clk 0:12:57]} 47. Rd4 {[%clk 0:04:04]} Ng3 {[%clk 0:11:36]}
48. Rf4 {[%clk 0:03:58]} Nxf1 {[%clk 0:11:30]} 49. Kxf1 {[%clk 0:04:12]} Rd8
{[%clk 0:01:55]} 50. Qf2 {[%clk 0:03:00]} Rd7 {[%clk 0:00:44]} 51. Rd4 {[%clk
0:02:52]} Rc7 {[%clk 0:00:42]} 52. Qf4 {[%clk 0:02:18]} Rc5 {[%clk 0:00:35]}
53. Ke2 {[%clk 0:01:10]} Qb7 {[%clk 0:00:35]} 54. e4 {[%clk 0:01:07]} Qc7
{[%clk 0:00:35]} 55. Qxc7+ {[%clk 0:00:49]} Rxc7 {[%clk 0:01:01]} 56. Rd5
{[%clk 0:00:56]} Kg7 {[%clk 0:00:52]} 57. Ke3 {[%clk 0:01:05]} Kf6 {[%clk
0:00:37]} 58. Kd4 {[%clk 0:00:56]} Rc6 {[%clk 0:00:33]} 59. e5+ {[%clk
0:00:56]} Ke6 {[%clk 0:00:59]} 60. Rd6+ {[%clk 0:00:35]} Rxd6+ {[%clk 0:01:23]}
61. exd6 {[%clk 0:01:01]} Kxd6 {[%clk 0:01:46]} 62. Kxc4 {[%clk 0:01:31]} Ke5
{[%clk 0:02:08]} 63. Kb5 {[%clk 0:01:19]} Kf4 {[%clk 0:02:27]} 64. Ka6 {[%clk
0:01:43]} Kg3 {[%clk 0:02:54]} 65. Kxa7 {[%clk 0:02:05]} Kxh3 {[%clk 0:03:20]}
66. Kxb6 {[%clk 0:02:29]} Kg3 {[%clk 0:03:44]} 67. a5 {[%clk 0:02:55]} 0-1

[Event "DEM U14 2021"]
[Site "Willingen GER"]
[Date "2021.08.24"]
[Round "3"]
[White "Udelnov, Valentin"]
[Black "Kempe, Caius Emilian"]
[Result "0-1"]
[Termination "normal"]
[Board "19"]
[WhiteElo "1728"]
[BlackElo "2013"]
[WhiteClock "00:17:32"]
[BlackClock "00:04:18"]
[PlyCount "112"]
[WhiteFideId "16265734"]
[BlackFideId "16246861"]
[EventCountry "GER"]
[EventRounds "9"]
[EventType "swiss"]
[EventDate "2021.08.22"]

1. e4 {[%clk 1:30:56]} e6 {[%clk 1:30:52]} 2. d4 {[%clk 1:31:22]} d5 {[%clk
1:31:16]} 3. Nd2 {[%clk 1:31:48]} c5 {[%clk 1:31:40]} 4. exd5 {[%clk 1:31:56]}
Qxd5 {[%clk 1:32:03]} 5. Ngf3 {[%clk 1:32:20]} cxd4 {[%clk 1:32:21]} 6. Bc4
{[%clk 1:32:45]} Qd7 {[%clk 1:32:43]} 7. O-O {[%clk 1:32:55]} Nc6 {[%clk
1:33:04]} 8. Nb3 {[%clk 1:33:16]} a6 {[%clk 1:33:29]} 9. a4 {[%clk 1:32:39]}
Bd6 {[%clk 1:33:27]} 10. Qe2 {[%clk 1:32:36]} Nge7 {[%clk 1:33:31]} 11. Rd1
{[%clk 1:27:41]} O-O {[%clk 1:32:52]} 12. Nbxd4 {[%clk 1:23:54]} Qc7 {[%clk
1:22:19]} 13. Bxe6 {[%clk 1:05:50]} Nxd4 {[%clk 1:17:00]} 14. Nxd4 {[%clk
1:06:04]} Bxh2+ {[%clk 1:16:15]} 15. Kh1 {[%clk 1:06:30]} fxe6 {[%clk 0:54:47]}
16. Nxe6 {[%clk 1:06:38]} Qe5 {[%clk 0:51:11]} 17. Qxe5 {[%clk 1:06:04]} Bxe5
{[%clk 0:48:47]} 18. Nxf8 {[%clk 1:06:29]} Kxf8 {[%clk 0:49:02]} 19. c3 {[%clk
1:03:44]} Bf5 {[%clk 0:48:27]} 20. Re1 {[%clk 1:03:09]} Nc6 {[%clk 0:48:24]}
21. Be3 {[%clk 1:02:57]} Kf7 {[%clk 0:44:45]} 22. Rad1 {[%clk 0:57:46]} Re8
{[%clk 0:42:07]} 23. Bc5 {[%clk 0:52:51]} h6 {[%clk 0:29:21]} 24. Rd5 {[%clk
0:45:10]} g6 {[%clk 0:28:18]} 25. Bd4 {[%clk 0:37:26]} Bxd4 {[%clk 0:26:19]}
26. Rxe8 {[%clk 0:37:31]} Kxe8 {[%clk 0:26:48]} 27. cxd4 {[%clk 0:37:24]} Ke7
{[%clk 0:24:29]} 28. Rc5 {[%clk 0:35:41]} Kd6 {[%clk 0:20:49]} 29. Kh2 {[%clk
0:31:03]} Nxd4 {[%clk 0:18:48]} 30. Rc4 {[%clk 0:31:13]} Nc6 {[%clk 0:19:01]}
31. Kg3 {[%clk 0:30:50]} Ne5 {[%clk 0:15:18]} 32. Rc3 {[%clk 0:30:08]} Bd7
{[%clk 0:14:20]} 33. b3 {[%clk 0:30:06]} Bf5 {[%clk 0:14:03]} 34. f4 {[%clk
0:29:28]} Nd3 {[%clk 0:13:06]} 35. Kf3 {[%clk 0:28:55]} h5 {[%clk 0:13:25]} 36.
g3 {[%clk 0:28:55]} Nc5 {[%clk 0:13:11]} 37. a5 {[%clk 0:29:00]} Ne4 {[%clk
0:12:14]} 38. Rd3+ {[%clk 0:26:06]} Kc6 {[%clk 0:10:52]} 39. Rd4 {[%clk
0:23:51]} Nc5 {[%clk 0:09:52]} 40. b4 {[%clk 0:23:09]} Nd3 {[%clk 0:09:16]} 41.
Ke3 {[%clk 0:19:13]} Kb5 {[%clk 0:08:01]} 42. Rd6 {[%clk 0:19:13]} Nxb4 {[%clk
0:07:14]} 43. Rb6+ {[%clk 0:19:19]} Kxa5 {[%clk 0:07:33]} 44. Rxb7 {[%clk
0:19:44]} Ka4 {[%clk 0:07:41]} 45. Kd4 {[%clk 0:20:02]} a5 {[%clk 0:07:54]} 46.
Kc3 {[%clk 0:19:29]} Ka3 {[%clk 0:07:42]} 47. Rb5 {[%clk 0:17:48]} Na2+ {[%clk
0:07:39]} 48. Kc4 {[%clk 0:17:47]} a4 {[%clk 0:07:54]} 49. Rb8 {[%clk 0:17:48]}
Nc1 {[%clk 0:08:02]} 50. Re8 {[%clk 0:17:05]} Kb2 {[%clk 0:07:51]} 51. Rb8+
{[%clk 0:16:54]} Ka2 {[%clk 0:07:03]} 52. Rd8 {[%clk 0:16:20]} a3 {[%clk
0:06:01]} 53. Rb8 {[%clk 0:16:41]} Be6+ {[%clk 0:04:22]} 54. Kc3 {[%clk
0:16:56]} Ne2+ {[%clk 0:04:31]} 55. Kc2 {[%clk 0:17:18]} Bf5+ {[%clk 0:04:18]}
56. Kd2 {[%clk 0:17:32]} Nxg3 0-1

[Event "DEM U14 2021"]
[Site "Willingen GER"]
[Date "2021.08.24"]
[Round "3"]
[White "Ensslinger, Colin"]
[Black "Pfeffer, Samuel"]
[Result "1-0"]
[Termination "normal"]
[Board "20"]
[WhiteElo "1729"]
[BlackElo "1487"]
[WhiteClock "01:21:27"]
[BlackClock "00:57:22"]
[PlyCount "53"]
[WhiteFideId "16226011"]
[BlackFideId "16249160"]
[EventCountry "GER"]
[EventRounds "9"]
[EventType "swiss"]
[EventDate "2021.08.22"]

1. e4 {[%clk 1:30:58]} e5 {[%clk 1:30:44]} 2. Nf3 {[%clk 1:31:24]} Nc6 {[%clk
1:29:43]} 3. Bc4 {[%clk 1:31:49]} Nf6 {[%clk 1:29:15]} 4. Ng5 {[%clk 1:32:13]}
d5 {[%clk 1:28:53]} 5. exd5 {[%clk 1:32:36]} Nd4 {[%clk 1:26:46]} 6. c3 {[%clk
1:32:33]} b5 {[%clk 1:26:37]} 7. Bf1 {[%clk 1:32:56]} Nxd5 {[%clk 1:26:46]} 8.
cxd4 {[%clk 1:33:20]} Qxg5 {[%clk 1:26:08]} 9. Bxb5+ {[%clk 1:33:42]} Kd8
{[%clk 1:25:53]} 10. O-O {[%clk 1:32:56]} Bb7 {[%clk 1:25:22]} 11. Qf3 {[%clk
1:33:19]} Rb8 {[%clk 1:25:00]} 12. dxe5 {[%clk 1:32:46]} a6 {[%clk 1:22:39]}
13. d4 {[%clk 1:32:49]} Qg6 {[%clk 1:20:59]} 14. Bd3 {[%clk 1:32:22]} Qe6
{[%clk 1:20:15]} 15. Be4 {[%clk 1:30:53]} Be7 {[%clk 1:17:56]} 16. Nc3 {[%clk
1:27:14]} c6 {[%clk 1:16:56]} 17. Bd2 {[%clk 1:24:53]} h6 {[%clk 1:15:57]} 18.
Rfc1 {[%clk 1:24:23]} Ke8 {[%clk 1:08:21]} 19. Bf5 {[%clk 1:21:36]} c5 {[%clk
0:58:52]} 20. Bxe6 {[%clk 1:21:58]} fxe6 {[%clk 0:59:01]} 21. dxc5 {[%clk
1:21:31]} Nxc3 {[%clk 0:57:24]} 22. Qh5+ {[%clk 1:21:55]} Kf8 {[%clk 0:57:17]}
23. Rxc3 {[%clk 1:22:14]} Kg8 {[%clk 0:57:03]} 24. Qg6 {[%clk 1:22:24]} Bd5
{[%clk 0:56:58]} 25. Rg3 {[%clk 1:22:30]} Rh7 {[%clk 0:57:16]} 26. c6 {[%clk
1:21:15]} Rc8 {[%clk 0:57:22]} 27. Bxh6 {[%clk 1:21:27]} 1-0

[Event "DEM U14 2021"]
[Site "Willingen GER"]
[Date "2021.08.24"]
[Round "3"]
[White "Schwartz, Oliver"]
[Black "Kieselbach, Jannik"]
[Result "1-0"]
[Termination "normal"]
[Board "21"]
[WhiteElo "1896"]
[BlackElo "1462"]
[WhiteClock "00:01:25"]
[BlackClock "00:06:22"]
[PlyCount "83"]
[WhiteFideId "16207459"]
[BlackFideId "16246403"]
[EventCountry "GER"]
[EventRounds "9"]
[EventType "swiss"]
[EventDate "2021.08.22"]

1. d4 {[%clk 1:30:57]} d5 {[%clk 1:30:55]} 2. c4 {[%clk 1:31:21]} e6 {[%clk
1:31:21]} 3. Nc3 {[%clk 1:31:44]} Nf6 {[%clk 1:31:47]} 4. cxd5 {[%clk 1:32:08]}
exd5 {[%clk 1:32:05]} 5. Bg5 {[%clk 1:32:20]} c6 {[%clk 1:31:32]} 6. e3 {[%clk
1:32:19]} Bd6 {[%clk 1:31:13]} 7. Bd3 {[%clk 1:31:24]} O-O {[%clk 1:31:06]} 8.
Nge2 {[%clk 1:29:54]} Be6 {[%clk 1:25:40]} 9. Qc2 {[%clk 1:28:16]} h6 {[%clk
1:25:01]} 10. Bh4 {[%clk 1:26:48]} Nbd7 {[%clk 1:23:51]} 11. f3 {[%clk
1:09:58]} Be7 {[%clk 1:19:27]} 12. O-O {[%clk 1:06:17]} c5 {[%clk 1:18:50]} 13.
Rae1 {[%clk 0:58:27]} Rc8 {[%clk 1:16:49]} 14. Qb1 {[%clk 0:52:17]} Re8 {[%clk
1:12:42]} 15. Kh1 {[%clk 0:46:39]} a6 {[%clk 1:09:24]} 16. Bf2 {[%clk 0:38:35]}
b5 {[%clk 1:05:01]} 17. Nf4 {[%clk 0:33:50]} Bd6 {[%clk 1:00:22]} 18. Bg3
{[%clk 0:27:45]} Qb6 {[%clk 0:50:55]} 19. dxc5 {[%clk 0:12:58]} Nxc5 {[%clk
0:47:57]} 20. Bf5 {[%clk 0:12:19]} Bxf4 {[%clk 0:41:44]} 21. Bxf4 {[%clk
0:12:17]} Bxf5 {[%clk 0:40:19]} 22. Qxf5 {[%clk 0:12:40]} Qe6 {[%clk 0:39:13]}
23. Qxe6 {[%clk 0:10:13]} fxe6 {[%clk 0:39:00]} 24. Rd1 {[%clk 0:08:32]} e5
{[%clk 0:35:53]} 25. Bg3 {[%clk 0:08:54]} Rcd8 {[%clk 0:35:05]} 26. b4 {[%clk
0:07:36]} Nb7 {[%clk 0:34:15]} 27. Rd2 {[%clk 0:05:33]} d4 {[%clk 0:26:07]} 28.
exd4 {[%clk 0:05:17]} exd4 {[%clk 0:22:13]} 29. Ne2 {[%clk 0:05:26]} Nd5 {[%clk
0:21:28]} 30. Nxd4 {[%clk 0:04:07]} Nxb4 {[%clk 0:19:12]} 31. Rfd1 {[%clk
0:04:16]} Rc8 {[%clk 0:15:06]} 32. a3 {[%clk 0:03:47]} Nc6 {[%clk 0:14:24]} 33.
Nf5 {[%clk 0:03:22]} Red8 {[%clk 0:13:09]} 34. Rd7 {[%clk 0:02:33]} Rxd7 {[%clk
0:12:57]} 35. Rxd7 {[%clk 0:03:02]} Nba5 {[%clk 0:08:44]} 36. Rxg7+ {[%clk
0:02:57]} Kh8 {[%clk 0:08:25]} 37. Rg6 {[%clk 0:03:20]} Nc4 {[%clk 0:06:08]}
38. Rxh6+ {[%clk 0:03:45]} Kg8 {[%clk 0:06:27]} 39. Rxc6 {[%clk 0:04:03]} Rxc6
{[%clk 0:06:16]} 40. Ne7+ {[%clk 0:04:29]} Kf7 {[%clk 0:06:29]} 41. Nxc6 {[%clk
0:04:53]} Nxa3 {[%clk 0:06:22]} 42. Be1 {[%clk 0:01:25]} 1-0

[Event "DEM U14 2021"]
[Site "Willingen GER"]
[Date "2021.08.24"]
[Round "3"]
[White "Pick, Max"]
[Black "Poetzsch-Heffter, Frieder"]
[Result "1-0"]
[Termination "normal"]
[Board "22"]
[WhiteElo "1794"]
[BlackElo "1598"]
[WhiteClock "00:13:41"]
[BlackClock "00:00:37"]
[PlyCount "51"]
[WhiteFideId "16210883"]
[BlackFideId "34608842"]
[EventCountry "GER"]
[EventRounds "9"]
[EventType "swiss"]
[EventDate "2021.08.22"]

1. d4 {[%clk 1:30:51]} d5 {[%clk 1:30:49]} 2. Nf3 {[%clk 1:31:11]} Nc6 {[%clk
1:30:49]} 3. Nc3 {[%clk 1:29:59]} Nf6 {[%clk 1:30:35]} 4. h3 {[%clk 1:28:59]}
Bf5 {[%clk 1:29:53]} 5. a3 {[%clk 1:25:51]} e6 {[%clk 1:29:04]} 6. Nh4 {[%clk
1:20:14]} Bg6 {[%clk 1:27:13]} 7. Bg5 {[%clk 1:17:12]} Be7 {[%clk 1:26:06]} 8.
e3 {[%clk 1:17:04]} Bh5 {[%clk 1:17:44]} 9. g4 {[%clk 1:11:23]} Bg6 {[%clk
1:17:00]} 10. Bg2 {[%clk 1:02:31]} Be4 {[%clk 0:59:53]} 11. f3 {[%clk 0:58:09]}
Bg6 {[%clk 0:58:44]} 12. Qd2 {[%clk 0:55:36]} Bxc2 {[%clk 0:40:13]} 13. Qxc2
{[%clk 0:52:54]} Nd7 {[%clk 0:39:16]} 14. f4 {[%clk 0:44:49]} Bxg5 {[%clk
0:37:09]} 15. fxg5 {[%clk 0:45:05]} Qxg5 {[%clk 0:37:23]} 16. Qf2 {[%clk
0:44:49]} Na5 {[%clk 0:32:54]} 17. O-O {[%clk 0:38:51]} f6 {[%clk 0:27:01]} 18.
e4 {[%clk 0:35:41]} c6 {[%clk 0:22:07]} 19. exd5 {[%clk 0:35:27]} cxd5 {[%clk
0:21:00]} 20. Rfe1 {[%clk 0:35:10]} Kf7 {[%clk 0:19:59]} 21. Nb5 {[%clk
0:29:42]} h5 {[%clk 0:09:23]} 22. Nd6+ {[%clk 0:26:39]} Kg8 {[%clk 0:08:25]}
23. Nf3 {[%clk 0:25:09]} Qg6 {[%clk 0:07:33]} 24. g5 {[%clk 0:20:10]} fxg5
{[%clk 0:02:11]} 25. Nxg5 {[%clk 0:16:43]} Rf8 {[%clk 0:00:37]} 26. Qg3 {[%clk
0:13:41]} 1-0

[Event "DEM U14 2021"]
[Site "Willingen GER"]
[Date "2021.08.24"]
[Round "3"]
[White "Leubner, Paul Damdin"]
[Black "Amrhein, Dennis"]
[Result "1-0"]
[Termination "normal"]
[Board "23"]
[WhiteElo "1407"]
[BlackElo "1267"]
[WhiteClock "00:12:58"]
[BlackClock "00:50:09"]
[PlyCount "101"]
[WhiteFideId "16265858"]
[BlackFideId "16254570"]
[EventCountry "GER"]
[EventRounds "9"]
[EventType "swiss"]
[EventDate "2021.08.22"]

1. e4 {[%clk 1:31:16]} d5 {[%clk 1:31:20]} 2. exd5 Qxd5 {[%clk 1:31:44]} 3. Nc3
{[%clk 1:31:30]} Qa5 {[%clk 1:32:00]} 4. d4 {[%clk 1:29:53]} Nf6 {[%clk
1:32:09]} 5. Nf3 {[%clk 1:20:28]} Nc6 {[%clk 1:31:32]} 6. Bc4 {[%clk 1:16:19]}
Bg4 {[%clk 1:30:18]} 7. Be3 {[%clk 1:08:39]} Ne4 {[%clk 1:27:21]} 8. Qd3 {[%clk
0:59:56]} Nxc3 {[%clk 1:25:03]} 9. Bd2 {[%clk 0:54:55]} O-O-O {[%clk 1:10:05]}
10. bxc3 {[%clk 0:42:38]} Qh5 {[%clk 1:08:02]} 11. Qe4 {[%clk 0:41:22]} Bxf3
{[%clk 1:08:13]} 12. gxf3 {[%clk 0:38:05]} e6 {[%clk 1:06:07]} 13. Rb1 {[%clk
0:20:21]} Qg6 {[%clk 1:04:54]} 14. Ke2 {[%clk 0:20:44]} Qxe4+ {[%clk 1:02:54]}
15. fxe4 {[%clk 0:18:57]} a6 {[%clk 1:00:58]} 16. a4 {[%clk 0:17:43]} h6 17. f4
Ne7 {[%clk 0:57:49]} 18. Rhf1 {[%clk 0:12:53]} g6 {[%clk 0:57:04]} 19. Ke3 Rd6
20. a5 {[%clk 0:06:25]} f5 {[%clk 0:54:54]} 21. e5 {[%clk 0:05:52]} Nd5+ {[%clk
0:55:12]} 22. Kd3 {[%clk 0:05:21]} Rd7 {[%clk 0:55:15]} 23. Rb3 {[%clk
0:05:04]} c6 {[%clk 0:54:30]} 24. Rfb1 {[%clk 0:04:24]} Rc7 {[%clk 0:53:46]}
25. Be3 Kd7 {[%clk 0:53:23]} 26. Rxb7 {[%clk 0:03:25]} Be7 {[%clk 0:50:23]} 27.
Bxa6 {[%clk 0:02:38]} Ra8 {[%clk 0:50:06]} 28. c4 {[%clk 0:01:20]} Nxf4+ {[%clk
0:48:39]} 29. Bxf4 Rxa6 {[%clk 0:48:58]} 30. Rxc7+ {[%clk 0:01:01]} Kxc7 {[%clk
0:49:24]} 31. Ra1 {[%clk 0:01:27]} g5 {[%clk 0:48:05]} 32. Bd2 {[%clk 0:01:06]}
h5 33. Rg1 {[%clk 0:00:53]} g4 {[%clk 0:43:58]} 34. Ke2 Bd8 {[%clk 0:40:47]}
35. Kf2 {[%clk 0:00:46]} Kc8 {[%clk 0:40:27]} 36. Ra1 {[%clk 0:01:13]} Kd7
{[%clk 0:40:23]} 37. Kg3 h4+ 38. Kf4 {[%clk 0:01:24]} Ke7 {[%clk 0:39:06]} 39.
d5 cxd5 {[%clk 0:38:20]} 40. cxd5 {[%clk 0:01:15]} Kd7 {[%clk 0:38:01]} 41. d6
{[%clk 0:28:11]} Kc6 {[%clk 1:04:11]} 42. Bc3 {[%clk 0:28:11]} Kd5 {[%clk
1:01:31]} 43. Ra4 {[%clk 0:23:52]} Kc5 {[%clk 0:58:55]} 44. Be1 {[%clk
0:23:52]} Kb5 {[%clk 0:55:58]} 45. Rd4 Ra7 46. d7 {[%clk 0:17:03]} Kc6 {[%clk
0:55:05]} 47. Rd6+ {[%clk 0:12:54]} Kc7 {[%clk 0:50:56]} 48. a6 {[%clk
0:12:54]} Be7 {[%clk 0:49:52]} 49. Ba5+ Kb8 {[%clk 0:50:09]} 50. d8=Q+ {[%clk
0:12:58]} Bxd8 51. Rxd8# 1-0

[Event "DEM U14 2021"]
[Site "Willingen GER"]
[Date "2021.08.25"]
[Round "4"]
[White "Hecht, Jonas Christian"]
[Black "Costa, Leonardo"]
[Result "0-1"]
[Termination "normal"]
[Board "1"]
[BlackTitle "FM"]
[WhiteElo "1948"]
[BlackElo "2336"]
[WhiteClock "00:13:54"]
[BlackClock "00:30:19"]
[PlyCount "98"]
[WhiteFideId "16214846"]
[BlackFideId "16213955"]
[EventCountry "GER"]
[EventRounds "9"]
[EventType "swiss"]
[EventDate "2021.08.22"]

1. e4 {[%clk 1:30:57]} c6 {[%clk 1:30:52]} 2. d4 {[%clk 1:31:16]} d5 {[%clk
1:31:17]} 3. Nc3 {[%clk 1:31:44]} dxe4 {[%clk 1:31:41]} 4. Nxe4 {[%clk
1:32:10]} Nf6 {[%clk 1:32:05]} 5. Nxf6+ {[%clk 1:32:20]} exf6 {[%clk 1:32:28]}
6. c3 {[%clk 1:31:59]} Bd6 {[%clk 1:32:50]} 7. Bd3 {[%clk 1:32:23]} O-O {[%clk
1:33:15]} 8. Ne2 {[%clk 1:32:48]} Re8 {[%clk 1:33:30]} 9. O-O {[%clk 1:33:09]}
Na6 {[%clk 1:30:13]} 10. Bf4 {[%clk 1:29:32]} Nc7 {[%clk 1:28:01]} 11. Qd2
{[%clk 1:27:37]} f5 {[%clk 1:18:19]} 12. Rfe1 {[%clk 1:18:58]} Be6 {[%clk
1:14:11]} 13. Bxd6 {[%clk 1:13:32]} Qxd6 {[%clk 1:14:34]} 14. Ng3 {[%clk
1:13:50]} g6 {[%clk 1:12:43]} 15. Qg5 {[%clk 1:08:40]} Qe7 {[%clk 1:12:10]} 16.
Qxe7 {[%clk 0:59:17]} Rxe7 {[%clk 1:12:34]} 17. Ne2 {[%clk 0:59:26]} Nd5 {[%clk
1:07:43]} 18. a3 {[%clk 0:52:28]} Rd7 {[%clk 1:05:07]} 19. Bc4 {[%clk 0:46:11]}
Nxc3 {[%clk 1:02:36]} 20. Bxe6 {[%clk 0:44:51]} Nxe2+ {[%clk 1:01:55]} 21. Rxe2
{[%clk 0:45:12]} fxe6 {[%clk 1:02:18]} 22. Rxe6 {[%clk 0:45:34]} Rxd4 {[%clk
1:02:14]} 23. Re7 {[%clk 0:44:38]} Rad8 {[%clk 1:02:31]} 24. g3 {[%clk
0:40:22]} R4d7 {[%clk 1:02:22]} 25. Rae1 {[%clk 0:39:44]} Kf8 {[%clk 1:02:40]}
26. Rxd7 {[%clk 0:39:43]} Rxd7 {[%clk 1:03:03]} 27. Re2 {[%clk 0:40:05]} Kf7
{[%clk 1:02:13]} 28. Kf1 {[%clk 0:39:25]} Rd1+ {[%clk 1:02:20]} 29. Kg2 {[%clk
0:39:49]} Rd3 {[%clk 1:02:45]} 30. Kf1 {[%clk 0:39:45]} g5 {[%clk 0:59:42]} 31.
Rc2 {[%clk 0:36:48]} g4 {[%clk 0:58:58]} 32. Re2 {[%clk 0:32:57]} Kf6 {[%clk
0:57:49]} 33. Kg2 {[%clk 0:27:34]} Rb3 {[%clk 0:55:20]} 34. h3 {[%clk 0:26:23]}
h5 {[%clk 0:55:35]} 35. hxg4 {[%clk 0:26:24]} hxg4 {[%clk 0:55:59]} 36. Kf1
{[%clk 0:26:15]} a5 {[%clk 0:51:07]} 37. Ke1 {[%clk 0:24:14]} a4 {[%clk
0:51:08]} 38. Kd1 {[%clk 0:24:18]} Rb5 {[%clk 0:35:40]} 39. Kc2 {[%clk
0:18:01]} Re5 {[%clk 0:35:56]} 40. Rd2 {[%clk 0:17:22]} Rc5+ {[%clk 0:36:17]}
41. Kb1 {[%clk 0:17:46]} Ke5 {[%clk 0:36:29]} 42. Rd3 {[%clk 0:16:25]} Ke4
{[%clk 0:35:40]} 43. Re3+ {[%clk 0:16:48]} Kd4 {[%clk 0:36:06]} 44. Re7 {[%clk
0:16:28]} b5 {[%clk 0:36:26]} 45. Re3 {[%clk 0:16:54]} Re5 {[%clk 0:35:41]} 46.
Rc3 {[%clk 0:17:16]} c5 {[%clk 0:31:38]} 47. Kc1 {[%clk 0:13:41]} Re2 {[%clk
0:30:53]} 48. f3 {[%clk 0:13:28]} b4 {[%clk 0:29:53]} 49. axb4 {[%clk 0:13:54]}
cxb4 {[%clk 0:30:19]} 0-1